A pénz "mágikus" szerepváltása
Elmentve itt :
| Szerző: | |
|---|---|
| Adatforrás: | Meister |
| Forrásdokumentuma: | Korunk. - 3 sz., 1997, 15-20 p. |
| Nyelv: | magyar |
| Kulcsszavak: | közgazdaság globalizáció elektronikus pénz munkanélküliség pénz |
| LEADER | 00448nab a2200169 i 4500 | ||
|---|---|---|---|
| 001 | bibPRO00000494 | ||
| 008 | 060524s1997 xx hun | ||
| 040 | |a Sz1 | ||
| 041 | |a hun | ||
| 100 | 1 | |a ALMÁSI Miklós | |
| 245 | 1 | 2 | |a A pénz "mágikus" szerepváltása |c ALMÁSI Miklós |
| 695 | |a közgazdaság | ||
| 695 | |a globalizáció | ||
| 695 | |a elektronikus pénz | ||
| 695 | |a munkanélküliség | ||
| 695 | |a pénz | ||
| 773 | 0 | |t Korunk. - |g 3 sz., 1997, 15-20 p. | |